|
|
|
|
| LEADER |
00959nam a2200349 4500 |
| 001 |
DLU060056128 |
| 005 |
##20061102 |
| 008 |
##980519s1999 maua b 001 0 eng |
| 010 |
# |
# |
|a 98008254
|
| 020 |
# |
# |
|a 0070247676 (alk. paper)
|
| 035 |
# |
# |
|9 (DLC) 98008254
|
| 040 |
# |
# |
|a DLC
|c DLC
|d DLC
|
| 050 |
# |
# |
|a HM51
|b .G36 1999
|
| 082 |
# |
# |
|a 301
|b GE-R
|
| 100 |
# |
# |
|a Gelles, Richard J.
|
| 245 |
# |
# |
|a Sociology :
|b an introduction /
|c Richard J. Gelles, Ann Levine
|
| 250 |
# |
# |
|a 6 th ed.
|
| 260 |
# |
# |
|a Boston :
|b McGraw-Hill College,
|c 1999
|
| 300 |
# |
# |
|a xxv, 710 p. :
|b ill. (some col.) ;
|c 26 cm
|
| 504 |
# |
# |
|a Includes bibliographical references (p. 669-690) and indexes
|
| 650 |
# |
# |
|a Sociology
|
| 700 |
# |
# |
|a Levine, Ann.
|
| 923 |
# |
# |
|a 25/2006
|
| 992 |
# |
# |
|a 29.200
|
| 994 |
# |
# |
|a DLU
|
| 900 |
# |
# |
|a True
|
| 911 |
# |
# |
|a Đào Thị Thu Huyền
|
| 925 |
# |
# |
|a G
|
| 926 |
# |
# |
|a A
|
| 927 |
# |
# |
|a SH
|
| 980 |
# |
# |
|a Thư viện Trường Đại học Đà Lạt
|